[Event "Rilton Cup 34th"]
[Site "Stockholm"]
[Date "2005.01.04"]
[Round "8"]
[White "Handke, Florian"]
[Black "Furhoff, Johan"]
[Result "0-1"]
[WhiteElo "2467"]
[BlackElo "2338"]
[Annotator "Aagaard,J"]
[PlyCount "60"]
[EventDate "2004.12.27"]
[EventType "swiss"]
[EventRounds "9"]
[EventCountry "SWE"]
[SourceTitle "CBM 104 Extra"]
[Source "ChessBase"]
[SourceDate "2005.03.01"]
[SourceVersion "1"]
[SourceVersionDate "2005.03.01"]
[SourceQuality "1"]

1. d4 Nc6 2. Bg5 f6 3. Bh4 e5 4. dxe5 Nxe5 5. e4 Bc5 {even though this is a
veru atypical opening, this is actually the first new move.} 6. f4 $6 {This
leaves the White position way too loose. Better was something like 6.Nc3 with
even chances.} Ng6 7. Qh5 (7. Bg3 h5 $5) 7... Qe7 8. Bd3 (8. Nc3) 8... Nh6 (
8... Bd4 $5 9. Nc3 (9. c3 $2 Bxg1 10. Rxg1 Qd6 $17) 9... Qb4 10. Rd1 N8e7 $15)
9. Nc3 c6 10. Bxf6 $6 (10. Nge2 O-O $15) 10... Qxf6 11. Qxc5 Nxf4 12. O-O-O d6
$15 13. Qa3 Ng4 $1 14. e5 $2 (14. Nge2 Nf2 15. Rhf1 N4xd3+ 16. cxd3 Qg5+ 17.
Rd2 Nxd3+ 18. Kc2 Ne5 $15) 14... Qh6 $1 15. Kb1 O-O 16. Nh3 (16. exd6 Nf2)
16... Nxh3 17. gxh3 Nxe5 $5 $17 (17... Nf2) 18. Be4 $6 d5 19. Bd3 Bxh3 $19 20.
Rhg1 Bg4 21. Rc1 Rf2 22. h3 Nxd3 23. cxd3 Qxh3 24. Na4 Re8 25. Ka1 h5 26. Qd6
Qxd3 27. Qc5 Qe3 28. Qb4 Re4 29. Qa5 Qd2 30. Qxa7 Rxa4 0-1

[Event "Nova Gorica op 04th"]
[Site "Nova Gorica"]
[Date "1999.01.31"]
[Round "4"]
[White "Atalik, Suat"]
[Black "Kutuzovic, Branko"]
[Result "1-0"]
[WhiteElo "2593"]
[BlackElo "2465"]
[Annotator "Atalik,S"]
[PlyCount "47"]
[EventDate "1999.01.28"]
[EventType "swiss"]
[EventRounds "9"]
[EventCountry "SLO"]
[SourceTitle "EXT 2002"]
[Source "ChessBase"]
[SourceDate "2001.11.25"]
[SourceVersion "1"]
[SourceVersionDate "2001.11.25"]
[SourceQuality "1"]

1. d4 e6 2. c4 b6 3. a3 {I Consider this the best.} Bb7 4. Nc3 f5 5. d5 Nf6 6.
Nh3 $1 {N This logical move believe or not have never been played in this
position.} Bd6 7. g3 O-O (7... Be5 8. Bd2 exd5 9. Bg2 c6 10. cxd5 Nxd5 11. Nxd5
cxd5 12. Bg5) 8. Bg2 Na6 (8... Be5 9. Bd2) 9. Nb5 $1 Qe7 10. O-O Nc5 11. b4 Na6
$2 (11... Nce4 $1 12. f3 (12. Nxd6 Nxd6 13. c5 bxc5 14. bxc5 Nde4 15. c6 dxc6
16. dxe6 Qxe6 17. Qc2 $44) (12. Bb2 $2 exd5 13. Nxd6 cxd6 14. f3 Nc3 15. Bxc3
Qe3+ 16. Nf2 Qxc3 17. cxd5 Bxd5 $15) 12... Be5 13. Rb1 (13. fxe4 Bxa1 14. Nxc7
(14. e5 $6 Ne4 $1 (14... Bxe5 15. d6 Bxd6 16. Bxb7 Rab8 17. Bg2 $13) 15. Bxe4
fxe4 16. Bg5 Rxf1+ 17. Qxf1 Qf7 18. Qxa1 Qh5 $1 {double attack.} 19. Bh4 Qxe2
20. Nxc7 Rc8 21. d6 Rf8 $17) 14... Nxe4 15. Nxa8 Bxa8 $13) (13. Ra2 Nc3 (13...
a6 14. fxe4 axb5 15. exf5) (13... c6 14. fxe4 cxb5 15. exf5 exd5 16. cxd5) 14.
Nxc3 Bxc3 15. e4 (15. Qd3 Be5 16. f4 Bd6 17. Nf2 a5 $132) (15. f4 Ne4 16. Nf2
exd5 17. cxd5 $13 a5 $2 18. Qb3 a4 19. Qc4) 15... a5 $132) 13... Nc3 14. Nxc3
Bxc3 15. Qd3 Be5 16. f4 Bd6 17. Nf2 exd5 $2 18. c5) 12. Bb2 $16 Ne4 $2 (12...
e5 13. Qc2) 13. f3 Nf6 14. e4 $1 $18 fxe4 15. fxe4 exd5 16. exd5 Rae8 17. Nf2
Nb8 $5 18. Qd2 $1 (18. c5 $6 bxc5 19. bxc5 Bxc5 20. d6 cxd6 21. Bxb7 Qe2 {
would have led to unnecessary complications due to /^a7-f2.}) 18... Qe2 {
What else?} 19. Qxe2 Rxe2 20. Nxd6 cxd6 21. Bxf6 Rxf6 22. b5 $1 {xNb8,Bb7} Rc2
23. Ne4 Rg6 24. Rae1 {Black decided to resign under this mating attack.} 1-0

[Event "Veliko Gradiste Silver Lake op-A"]
[Site "Veliko Gradiste"]
[Date "2015.06.25"]
[Round "6"]
[White "Lajthajm, Borko"]
[Black "Atalik, Suat"]
[Result "0-1"]
[WhiteElo "2441"]
[BlackElo "2551"]
[Annotator "Atalik,S"]
[PlyCount "122"]
[EventDate "2015.06.20"]
[EventType "swiss"]
[EventRounds "9"]
[EventCountry "SRB"]
[SourceTitle "EXT 2016"]
[Source "ChessBase"]
[SourceDate "2015.10.08"]
[SourceVersion "1"]
[SourceVersionDate "2015.10.08"]
[SourceQuality "1"]

1. c4 b6 2. Nc3 Bb7 3. d4 e6 4. Bf4 $5 Bb4 5. Rc1 Nf6 $146 ({I simply did not
want to play} 5... f5 6. e3 Nf6 7. a3 Bxc3+ 8. Rxc3 O-O 9. Nh3 d6 10. f3 $13)
6. a3 Bxc3+ 7. Rxc3 O-O (7... Ne4 8. Rc2) 8. f3 d5 (8... Nh5 9. Be3) 9. c5 bxc5
10. Rxc5 c6 11. e3 Nbd7 12. Rc3 Re8 13. Qb3 Qb6 $5 (13... Qc8 {preparing e5 or
c5 is also possible.}) 14. Ne2 c5 (14... e5 15. dxe5 Nxe5 16. Kf2 c5 17. Ng3
$13 (17. Qxb6 axb6 18. Ng3 $13)) 15. dxc5 Qxb3 (15... Nxc5 16. Qxb6 axb6 17.
Bd6 Na4 18. Rb3 Rec8 19. Kd2 $14) 16. Rxb3 Nxc5 17. Rc3 Na4 18. Rc7 Ba6 $5 (
18... Rab8 {is a good alternative to the text.}) 19. b3 Nb6 (19... e5 $6 20.
Bg5 Nb6 21. Bxf6 gxf6 22. Ng3 $16) 20. Kd2 d4 $1 21. e4 (21. exd4 $2 Nfd5 $19)
21... e5 22. Bg3 Nfd7 {Just like Capablanca said place your pawns on the color
of your opponent's bishop.} 23. Nc1 Bxf1 24. Rxf1 Rec8 25. Rxc8+ Rxc8 26. Nd3
f6 $1 {Keeping the game complicated.} (26... Rc3 $2 27. Rc1) (26... Nc5 27.
Nxc5 Rxc5 28. Rc1 Rxc1 29. Kxc1 f6 30. Be1 $11) 27. Rc1 (27. f4 f5 $1) 27...
Rxc1 28. Kxc1 Kf7 29. a4 $6 {The start of a risky plan with a4 followed by
Kb2-a3-b4 which keeps the king far away from the center.} Ke6 30. Kb2 f5 $1 {
Black takes over the initiative by the central pushes.} 31. a5 Nc8 32. exf5+
Kxf5 33. Bh4 Nd6 (33... g5 $5 34. g4+ Kf6 35. Bg3 Ke6) 34. g4+ Ke6 35. Ka3 Kd5
$1 $138 {I have allowed my king to be pinned} (35... e4 36. fxe4 Nxe4 37. Kb2
$1 {and the king comes on time.} (37. Kb4 Ne5)) 36. Nb4+ Kc5 37. Be7 Nf6 38.
Ka4 $2 (38. Kb2 Nfe8 39. Nd3+ Kd5 40. Kc2 {is the only idea to backpedal with
the king.}) 38... e4 $1 (38... Nd5 $2 39. Nd3+) 39. Bxf6 (39. fxe4 Nfxe4 40.
Nd3+ Kd5 $17) 39... gxf6 40. fxe4 Nxe4 41. Nd3+ Kc6 $1 (41... Kd5 42. Kb5) 42.
Kb4 (42. b4 Nc3+ 43. Kb3 Kd5) 42... Nd2 $1 {I have relieved after I have
played this move.} 43. a6 $6 (43. Ka4 Kd5 $17) 43... Kd5 44. h3 $1 Ke4 $2 {
A bad mistake!} (44... Nf3 45. Kb5 Ne5 46. Nb4+ Ke4 47. Kc5 d3 48. Nxd3 Nxd3+
49. Kc6 (49. Kd6 Kf4 $1 50. Kc6 Kg3 $19) 49... Ke5 $1 (49... Kd4 $2 50. Kb7)
50. Kb7 Kd6 $19) 45. Nc1 $6 ({He missed a beautiful draw with.} 45. Nc5+ Ke3
46. Kb5 Ne4 47. b4 $1 d3 (47... Nxc5 48. bxc5 d3 49. c6 d2 50. c7 d1=Q 51. c8=Q
$11) 48. Nxd3 Kxd3 49. Kc6 Nc3 50. b5 Na4 51. Kb7 Kc4 52. b6 $1 Nxb6 53. Kxa7
Nd7 54. Kb7 Nc5+ 55. Kb6 Nxa6 56. Kxa6 Kd4 57. Kb6 Ke4 58. Kc6 Kf4 59. Kd5 $1
Kg3 60. Ke4 Kxh3 61. Kf4 $3 $11) 45... Nf3 46. Kc5 Ne5 47. Na2 $2 {Misplacing
the knight instead of trying to sacrifice it.} (47. b4 $1 d3 (47... Nd3+ 48.
Nxd3 Kxd3 49. b5 Ke3 50. b6 axb6+ 51. Kxb6 d3 52. a7 d2 53. a8=Q d1=Q $11) 48.
Nxd3 Nxd3+ 49. Kc4 $3 Nxb4 (49... Nf4 50. Kc5 Nd5 51. b5 $11) 50. Kxb4 Kd5 51.
Kb5 Kd6 52. h4 Kd5 53. Kb4 Kc6 54. Kc4 Kb6 55. Kd5 Kxa6 56. Ke6 Kb5 57. Kxf6 a5
58. Kg7 a4 59. Kxh7 a3 60. g5 a2 61. g6 a1=Q 62. g7 {is the famous theoretical
position.} Qb1+ 63. Kh8 Qb2 64. Kh7 Qc2+ 65. Kh8 Qc3 66. Kh7 Qd3+ 67. Kh8 Qd4
68. h5 Qf6 69. Kh7 Qf5+ 70. Kh6 Qg4 71. g8=Q Qxg8 $11) 47... d3 (47... h5 $6
48. b4 (48. gxh5 $2 f5 49. b4 f4 50. b5 f3) 48... hxg4 49. hxg4 Ke3 50. Nc1 d3
51. Nxd3 Nxd3+ 52. Kc4 $1 Ke4 53. b5 Ne5+ 54. Kc5 $11) 48. Nc3+ Ke3 49. Nd5+
Kf3 $6 {Not the most convincing winning try.} (49... Ke2 50. Nc3+ (50. Nf4+ Kf3
) 50... Kd2 51. Ne4+ Ke3 52. Ng3 h5 $1 {I have seen this idea opening the road
for the f pawn but could not have calculated it to the bone.} 53. gxh5 Kf3 54.
Nf1 Ke2 55. Ng3+ Ke1 56. Nf5 d2 57. Ne3 f5 $19) 50. Nc3 (50. Kd4 d2 51. Nc3 (
51. Ne3 $2 Ke2) 51... Kg2 52. Ke3 Kxh3 53. Kxd2 Kxg4 54. Nd5 Kf5 55. b4 Ke6 56.
Nc7+ Kd7 57. Nd5 $11) 50... d2 51. Kd6 $2 {Missing the same idea twice, White
is doomed to lose the game.} (51. Kd4 Kg2 52. Ke3 Kxh3 53. Kxd2 Kxg4 54. Nd5
Kf5 55. b4 Ke6 56. Nc7+ Kd7 57. Nd5 $11) 51... Nd3 52. Kd5 (52. Kc7 Nb2 53. Kb7
Ke3 $19) 52... Nb4+ 53. Kc4 Nxa6 $138 {I was happy to get rid of the naughty
passer but the decision is debatable.} (53... Na2 54. Nd1 Ke2 55. Nb2 Nc1 56.
Na4 Kd1 $1 57. b4 Kc2 58. Nc3 Nd3 59. b5 Nb2+ 60. Kb4 Na4 61. Nd5 Kd3 $19) 54.
Kd3 Nc5+ 55. Kxd2 $2 {He missed the following} (55. Kc2 Ke3 56. Nd5+ Ke2 57.
Nf4+ Ke1 58. Ng2+ Kf2 59. Nf4 Ne6 $1 $19) 55... Ne4+ $1 $19 {And finally now
White is stone cold lost in a king and pawns endgame.} (55... Nxb3+ $2 56. Kd3
Nc5+ 57. Kd4 Ne6+ $19) 56. Nxe4 Kxe4 57. Ke2 a5 (57... Kf4 58. b4 Kg3 $19) 58.
Kd2 Kf3 59. Kd3 (59. Kc3 Kg3 60. Kc4 Kxh3 61. Kb5 Kxg4 62. Kxa5 h5 ({or} 62...
f5 $19) 63. b4 h4 64. b5 h3 65. b6 h2 66. b7 h1=Q 67. b8=Q Qa1+ 68. Kb6 Qb2+
$19 {and the x-ray on the b-line is the crux of the minor piece exchange which
decides the game.}) 59... Kg3 60. Ke4 Kxh3 61. Kf4 Kg2 0-1

[Event "BIH-chT"]
[Site "Neum"]
[Date "2004.06.04"]
[Round "7.3"]
[White "Atalik, Suat"]
[Black "Filipovic, Branko"]
[Result "1/2-1/2"]
[WhiteElo "2558"]
[BlackElo "2376"]
[Annotator "Atalik,S"]
[PlyCount "95"]
[EventDate "2004.05.29"]
[EventType "team"]
[EventRounds "9"]
[EventCountry "BIH"]
[SourceTitle "CBM 102"]
[Source "ChessBase"]
[SourceDate "2004.09.23"]
[SourceVersion "1"]
[SourceVersionDate "2004.09.23"]
[SourceQuality "1"]
[WhiteTeam "Sarajevo Bosna"]
[BlackTeam "S Saraj"]
[WhiteTeamCountry "BIH"]
[BlackTeamCountry "BIH"]

1. d4 b6 {A speciality of IM Branko Filipovic. He feels at home in such
positions. Personally I do not like such offbeat openings.} 2. c4 e6 3. a3 Bb7
4. Nc3 f5 5. d5 Nf6 6. g3 Bd6 $5 {One of the main lines in this opening.} (6...
b5 $6 7. Nxb5 exd5 8. Bf4 Na6 9. Bg2 c6 10. Nd6+ Bxd6 11. Bxd6 dxc4 12. Qa4 $1
$16) (6... g6 7. Bg2 Bg7 8. Nh3 O-O 9. O-O a5 (9... Na6 10. b4 $1 Nxd5 $140 $6
11. Nxd5 exd5 (11... Bxa1 $2 12. Bg5 $18 (12. Ne7+ Qxe7 13. Bxb7 Rad8 14. Bxa6
$16)) 12. Bxd5+ Bxd5 13. Qxd5+ Kh8 $14) 10. Rb1 Na6 11. b4 axb4 12. axb4 Qc8 (
12... e5 13. e4 c5 14. dxc6 dxc6 15. exf5 gxf5 16. b5 Nb8 17. Be3 $16) 13. Nb5
(13. e4 fxe4 14. Nxe4 Nxe4 15. Bxe4 c5 16. dxc6 (16. bxc5 Nxc5 17. Bg2 Ra4 18.
Rxb6 Rxc4 19. Bb2 $11) (16. b5 Nc7 (16... Nb4 17. Nf4 Qe8 18. Bd2 exd5 $140 19.
Bg2 $16) 17. Nf4 $16) 16... Bxc6 17. Bxc6 Qxc6 18. b5 Qe4 19. Be3 Nc5 20. Bxc5
bxc5 21. Qxd7 Qg4 22. Kg2 Qe4+ 23. Kg1 $11) 13... Ne4 14. Ng5 $40) 7. Bg2 ({
White gains nothing with} 7. Nb5 $6 Be7 ({or even} 7... Be5 8. Nf3 (8. f4 Bd6)
8... a6) 8. Bf4 Na6 9. Bg2 O-O) 7... Be5 8. Bd2 O-O 9. Nh3 {This type of
development for the knight is recommended.} (9. Nf3 Bxc3 10. Bxc3 Ne4 $13) 9...
Na6 10. O-O Nc5 11. Qc2 $14 {A critical position.} a5 $146 {This came as a
surprise. A loss of tempo in such a suspicious position looked to me crucial.}
(11... Nfe4 12. Nxe4 Nxe4 13. Rad1 {Kir.Georgiev-Sharif,France 2003.} Qf6 14.
Bc1 $14) 12. Rad1 Qe8 {Now the other tactical trick with d5xe6 and e6xd7 is on.
} (12... Qe7 {The problem with this move is that black is always sitting on}
13. b4 axb4 14. axb4 Nce4 (14... Bxc3 15. bxc5 Bxd2 16. d6 cxd6 17. Bxb7 Ra7
18. Bg2 Ba5 19. cxd6 $16) 15. Nxe4 Nxe4 16. Bxe4 fxe4 17. Qxe4 exd5 18. cxd5
$16) 13. b4 (13. dxe6 $6 {Too early to release tension.} dxe6 14. Bxb7 Nxb7 15.
b4 axb4 16. axb4 Nd6 $36) 13... axb4 14. axb4 Bxc3 15. bxc5 $6 {Too tactical!
It looked as if some advantage would appear out of this smart-ass move.} (15.
Bxc3 Nce4 16. Ba1 $1 exd5 17. Nf4 c6 (17... Qf7 18. cxd5 Nxd5 19. Nxd5 Bxd5 20.
Qxc7 Ra2 $140 $2 21. Bxg7 $3 Kxg7 22. Bxe4 fxe4 23. Qe5+ Qf6 24. Qxd5 $18) 18.
cxd5 Nxd5 (18... cxd5 19. Qc7) 19. Nxd5 cxd5 20. Qc7 $14) 15... Bxd2 16. Rxd2
exd5 $1 (16... bxc5 17. Rb1 $1 {A necessary move which is based on calculation
which I came up earlier in the game.} (17. dxe6 Bxg2 18. exd7 $4 Qe4 $19) 17...
Rb8 (17... Ra7 18. dxe6 Bxg2 19. exd7 Qa8 20. d8=Q Rxd8 21. Rxd8+ Qxd8 22. Kxg2
Qa8+ 23. f3 Ra2 24. Rb2 Rxb2 25. Qxb2 $14) 18. dxe6 Bxg2 19. exd7 Rxb1+ 20.
Qxb1 Nxd7 21. Kxg2 $14) 17. cxb6 $6 {Opening of the c line is no good for
white. I was too optimistic for my chances.} (17. cxd5 Ne4 18. Bxe4 fxe4 19.
Rd4 Qe5 $11) 17... Ne4 18. Rd3 (18. Bxe4 dxe4 19. bxc7 Rc8 $11) (18. bxc7 Nxd2
19. Qxd2 Rc8 20. Nf4 $15) 18... cxb6 19. cxd5 Qe5 $1 {Draw offer} 20. f4 {
It took me some moves and time to understand that white is worse. Black has
very fine control over the queenside and my minor pieces on the other wing do
not participate in the game. Meanwhile he has two files a and c and c3 square
in his nights and a6-f1 diagonal in his bishops disposal.} Qd6 21. Nf2 {
There would occur a serious disturbance on the line c in case of other moves} (
21. Ng5 Rfc8 $40) (21. Bxe4 Rfc8 22. Qd2 fxe4 23. Rd4 Ra5 $40) 21... Rfc8 $17 (
21... Bxd5 $6 22. Nxe4 fxe4 23. Rd4 Qc6 24. Bxe4 Bxe4 25. Qxe4 Qxe4 26. Rxe4
$14) 22. Qb2 Qc5 23. Qd4 {First here on this square should step my queen.} (23.
Qe5 $6 Re8 24. Qd4 Ra2 25. Nxe4 fxe4 26. Qxc5 bxc5 27. Rc3 d6 $17) 23... Nc3
24. Re1 {After this black will charge withsome tactics but the alternatives
are not making much sense.} (24. Qe5 Ba6 25. Re3 Re8 26. Rxc3 Qb4 27. Qxf5 Qxc3
28. d6 $44 {provides white with some compensation but probably not enough.}) (
24. Bf3 Qxd4 (24... Ra2 25. Qe5) 25. Rxd4 Ra5 26. e4 fxe4 27. Nxe4 $13 {
is no clear at all but black has the upperhand.}) 24... Ra1 $1 {I have seen
that,however my prepared move was losing in two.} 25. Nd1 (25. Kf1 Rxe1+ 26.
Kxe1 {everything looks in order for white but...} Qa5 $1 $19 {is extremely
annoying.}) 25... Ba6 $1 $19 {Black is winning now.} (25... Nxd5 26. Qxc5 Rxc5
27. Kf2 b5 28. Bxd5+ Rxd5 29. Ne3 Rxe1 30. Kxe1 Rxd3 31. exd3 g6 32. Nc2 $11 {
White is ready to create and impregnable fortress.}) 26. Qxc5 Rxc5 27. Rd2 Rxd1
$4 $138 {And unexpected misappreciation of the possibilities.} (27... Bxe2 28.
Nxc3 Rxe1+ 29. Kf2 Rxc3 30. Kxe1 Bc4 $19 (30... Bd3 $6 31. d6)) 28. Rdxd1 Nxd1
29. Rxd1 Bxe2 30. Re1 $17 {Now in this very stage of the game I have
understood that to lose this game will be not that easy meanwhile I started to
lick my chops for some bishop endings, pawn down but very strong one of my own
on d6.} Rc2 31. d6 Rd2 $4 {Another mistake in a winning position which was not
noticed by anyone.} (31... Kf7 32. Bd5+ Kf6 33. Bg8 h6 (33... Rd2 34. Bxh7 Bf3
35. Re8 g6 36. Bg8 Rxd6 37. Kf2 Be4 $19) 34. Ra1 Bc4 35. Bxc4 Rxc4 $19) 32. Bb7
Kf8 33. Bc8 g6 $2 {The final mistake now after this players should divide the
points.} (33... Bb5 $8 34. Rb1 (34. Re5 Bc6 35. Rxf5+ Ke8 $17 {is dangerous.})
34... Bc6 35. Rxb6 Rxd6 36. Rb2 $15 {is probably a draw but on the other hand
if there is any chance it lies in this ending since the game continuation
leads jsut to a draw.} (36. Bxd7 $4 Rd1+ 37. Kf2 Bxd7 $19)) 34. Bxd7 Rxd6 35.
Bxf5 Rd2 36. Be4 $11 {Now there is no win for any of us.} b5 37. Rb1 Rd1+ 38.
Kf2 Rxb1 39. Bxb1 Bg4 40. Ke3 Ke7 41. Bd3 Bd7 (41... b4 42. Kd4 Be6 43. h4 Kf6
44. h5 gxh5 45. Bxh7 $11) 42. Kd4 Kd6 43. h4 Be8 44. g4 h6 {Noone is in danger
of losing the game since the material left over the board is ridicuouslu
miniscule for a possible advantage.} 45. g5 hxg5 46. hxg5 Ke6 47. Kc5 Ke7 48.
Bxg6 1/2-1/2